000 00315nam a2200121 a 4500
008 000113s1998||||xx 0 und c
020 _a8085866307
_cDar
040 _aSNK
_bslo
_cSNK
_eAACR2
100 1 _aDvořáček, Jan
245 1 0 _aUrologie I. díl
260 _aPraha
_bISV nakladatelství
_c1998
300 _a515 s.
999 _c19944
_d19944